|
|
|
|
| LEADER |
01852nam a2200349 a 4500 |
| 001 |
16555530 |
| 008 |
120806s2012 at a 001 0 eng |
| 010 |
|
|
|a 2010941873
|
| 020 |
|
|
|a 9780538453486
|
| 020 |
|
|
|a 0538453486
|
| 020 |
|
|
|a 9780538453080
|
| 020 |
|
|
|a 0538453087
|
| 040 |
|
|
|a DLC
|c DLC
|d BD-DhAAL
|
| 042 |
|
|
|a pcc
|
| 050 |
0 |
0 |
|a HB171.5
|b .M263 2012
|
| 082 |
0 |
0 |
|a 330
|2 22
|
| 100 |
1 |
|
|a Mankiw, N. Gregory.
|
| 245 |
1 |
0 |
|a Essentials of economics /
|c N. Gregory Mankiw.
|
| 250 |
|
|
|a 6th ed.
|
| 260 |
|
|
|a Australia ;
|a Mason, OH :
|b South-Western Cengage Learning,
|c c2012.
|
| 300 |
|
|
|a xxiv, 568 p. :
|b ill. ((some col.) ;
|c 26 cm.
|
| 500 |
|
|
|a Includes index.
|
| 541 |
|
|
|e 00025851
|
| 650 |
|
0 |
|a Economics.
|
| 852 |
1 |
|
|a Ayesha Abed Library
|c General Shelf.
|
| 942 |
0 |
0 |
|0 4
|
| 999 |
|
|
|c 12704
|d 12704
|
| 952 |
|
|
|0 0
|1 2
|2 ddc
|4 0
|6 330_000000000000000_MAN
|7 0
|9 20941
|a BRACUL
|b BRACUL
|c GEN
|d 2012-08-06
|e Developement Book Agency
|g 4450.00
|l 14
|m 36
|o 330 MAN
|p 3010025851
|q 2017-12-24
|r 2015-02-28
|s 2015-02-28
|t 1
|w 2012-08-06
|y BK
|
| 952 |
|
|
|0 0
|1 0
|2 ddc
|4 0
|6 330_000000000000000_MAN
|7 0
|9 20942
|a BRACUL
|b BRACUL
|c GEN
|d 2012-08-06
|e Developement Book Agency
|g 4450.00
|l 32
|m 279
|o 330 MAN
|p 3010025852
|r 2024-07-04
|s 2024-06-11
|t 2
|w 2012-08-06
|y BK
|
| 952 |
|
|
|0 0
|1 2
|2 ddc
|4 0
|6 330_000000000000000_MAN
|7 0
|9 20943
|a BRACUL
|b BRACUL
|c GEN
|d 2012-08-06
|e Developement Book Agency
|g 4450.00
|l 18
|m 85
|o 330 MAN
|p 3010025853
|q 2018-03-28
|r 2016-06-23
|s 2016-06-23
|t 3
|w 2012-08-06
|y BK
|
| 952 |
|
|
|0 0
|1 0
|2 ddc
|4 0
|6 330_000000000000000_MAN
|7 0
|9 20944
|a BRACUL
|b BRACUL
|c GEN
|d 2012-08-06
|e Developement Book Agency
|g 4450.00
|l 32
|m 248
|o 330 MAN
|p 3010025854
|r 2025-10-14
|s 2025-10-08
|t 4
|w 2012-08-06
|y BK
|
| 952 |
|
|
|0 0
|1 0
|2 ddc
|4 0
|6 330_000000000000000_MAN
|7 0
|9 20945
|a BRACUL
|b BRACUL
|c GEN
|d 2012-08-06
|e Developement Book Agency
|g 4450.00
|l 18
|m 183
|o 330 MAN
|p 3010025855
|r 2022-04-13
|s 2020-02-10
|t 5
|w 2012-08-06
|y BK
|